[Event "Faxe EMT"]
[Site "Faxe"]
[Date "2003.04.07"]
[Round "3"]
[White "Jensen, Niels"]
[Black "Gisli, Theodor"]
[Result "1/2-1/2"]
[WhiteElo "1349"]
[BlackElo "1681"]
[PlyCount "59"]
[EventDate "2003.03.19"]
[EventType "swiss"]
[EventRounds "7"]
[EventCountry "DEN"]
[SourceTitle "EXT 2023"]
[Source "ChessBase"]
[SourceDate "2022.10.05"]
[SourceVersion "1"]
[SourceVersionDate "2022.10.05"]
[SourceQuality "1"]

1. e4 d5 2. exd5 Nf6 3. Nc3 e6 4. dxe6 Bxe6 5. h3 Bb4 6. Qf3 Qe7 7. Qg3 Nh5 8. Qe3 Nc6 9. Bb5 0-0 10. Nge2 Bc5 11. Qf3 Nf6 12. 0-0 Rfe8 13. a3 Bd7 14. d3 a6 15. Ba4 b5 16. Bb3 Ne5 17. Qg3 Bd6 18. Bg5 h6 19. Bxf6 Qxf6 20. Ne4 Qe7 21. Nxd6 Qxd6 22. Nc3 Ng6 23. Ne4 Qc6 24. f4 Ne7 25. Nc3 Nf5 26. Qf2 Qg6 27. Bd5 Bc6 28. Bxc6 Qxc6 29. Ne4 Rad8 30. Qc5 1/2-1/2